Confronting female genital mutilation: the role of youth and ICTs in changing Africa (Record no. 38433)

MARC details
000 -LEADER
fixed length control field 00953nam a2200217 a 4500
008 - FIXED-LENGTH DATA ELEMENTS--GENERAL INFORMATION
fixed length control field 110906s2011 ||||||||||||||||| || u
020 ## - INTERNATIONAL STANDARD BOOK NUMBER
International Standard Book Number 9780857490315
050 ## - LIBRARY OF CONGRESS CALL NUMBER
Classification number IDRC(02)
100 ## - MAIN ENTRY--PERSONAL NAME
Personal name Palmieri, Joelle
245 10 - TITLE STATEMENT
Title Confronting female genital mutilation: the role of youth and ICTs in changing Africa
Statement of responsibility, etc. Marie-Helene Mottin-Sylla and Joelle Palmieri, translated by Mamsait Jagne
260 ## - PUBLICATION, DISTRIBUTION, ETC.
Place of publication, distribution, etc. Ottawa
Name of publisher, distributor, etc. International Development Research Centre (IDRC)
Date of publication, distribution, etc. 2011
300 ## - PHYSICAL DESCRIPTION
Extent xii, 121p. ;ill.
350 ## - PRICE (NR) (BK AM CF MU VM SE) [OBSOLETE]
Price 0.00
650 ## - SUBJECT ADDED ENTRY--TOPICAL TERM
Topical term or geographic name entry element CIRCUMCISION--AFRICA
650 ## - SUBJECT ADDED ENTRY--TOPICAL TERM
Topical term or geographic name entry element FEMALE--GENITAL MUTILATION--AFRICA
650 ## - SUBJECT ADDED ENTRY--TOPICAL TERM
Topical term or geographic name entry element INTERNET--SOCIAL ASPECTS
700 ## - ADDED ENTRY--PERSONAL NAME
Personal name Mottin-Sylla, Marie-Helene
700 ## - ADDED ENTRY--PERSONAL NAME
Personal name Jagne, Mamsait
710 ## - ADDED ENTRY--CORPORATE NAME
Corporate name or jurisdiction name as entry element International Development Research Centre (IDRC)
995 ## - RECOMMENDATION 995 [LOCAL, UNIMARC FRANCE]
-- 0.00
-- CBU-MAIN LIBRARY (Kitwe)
-- 1
-- 0.00
-- 1
-- AVAILABLE
-- Sep 15, 2011
-- International Publications
Holdings
Withdrawn status Lost status Source of classification or shelving scheme Damaged status Not for loan Home library Current library Shelving location Date acquired Total Checkouts Full call number Barcode Date last seen Price effective from Koha item type
          CBU-MAIN LIBRARY, KITWE. CBU-MAIN LIBRARY, KITWE.   11/30/2022   IDRC(02) 9780857490315 11/30/2022 11/30/2022 MONOGRAPH